| 000 | 00436nam a22001697a 4500 | ||
|---|---|---|---|
| 003 | CEME | ||
| 005 | 20210628205201.0 | ||
| 008 | 210210b xxu||||| |||| 00| 0 eng d | ||
| 040 | _c. | ||
| 082 | _a005.3 3D POT'T | ||
| 100 |
_aPotts, Anthony Stock, Anthony Fridel, D. H _974313 |
||
| 245 | _a3d studio max design guide | ||
| 260 |
_aNEWDELHI _bCORIOLS _c1996 |
||
| 300 | _a428P | ||
| 650 |
_a ACC NO-31050 _974314 |
||
| 942 |
_cBK _2ddc |
||
| 999 |
_c579862 _d579862 |
||